Online Catalogue and eLibrary

Daniel kadithangal (Record no. 3970)

MARC details
000 -LEADER
fixed length control field 00417nam a2200169Ia 4500
005 - DATE AND TIME OF LATEST TRANSACTION
control field 20250313100853.0
008 - FIXED-LENGTH DATA ELEMENTS--GENERAL INFORMATION
fixed length control field 240331s9999 xx 000 0 und d
020 ## - INTERNATIONAL STANDARD BOOK NUMBER
ISBN 8177200224
082 ## - DDC Classification
Item Number - Author Mark DAN
Class No. 894
245 #0 - TITLE STATEMENT
Title Daniel kadithangal
260 ## - PUBLICATION, DISTRIBUTION, ETC.
Place of publication, distribution, etc. Puthanatham
Name of publisher, distributor, etc. Adaiyalam
Date of publication, distribution, etc. 2003
300 ## - PHYSICAL DESCRIPTION
Extent (e.g. Volumes, Pages etc.) 192 p .,
650 ## - SUBJECT ADDED ENTRY--TOPICAL TERM
Topical term or geographic name entry element Thalith Community
650 ## - SUBJECT ADDED ENTRY--TOPICAL TERM
Topical term or geographic name entry element thesiya ina pirachanai
700 ## - ADDED ENTRY--PERSONAL NAME
Personal name Marx, A.
Relator term (Role) Editor
942 ## - Koha item type (Biblio)
Koha item type Books in Stacks (Lending)
Holdings
Lost status Damaged status Collection code Home library Current library Shelving location Date acquired Full call number Accession Number Item type
    Lending WERC Library WERC Library Social Science Cupboard 03/31/2024 894.811 DAN 1984 Books in Stacks (Lending)

© WERC Library